Welcome to CU Library Online Public Access Catalogue (OPAC)

CONTEMPORARY MARKETING (Record no. 8581)

MARC details
000 -LEADER
fixed length control field 00436nam a22001937a 4500
005 - DATE AND TIME OF LATEST TRANSACTION
control field 20260116162948.0
008 - FIXED-LENGTH DATA ELEMENTS--GENERAL INFORMATION
fixed length control field CU5
020 ## - INTERNATIONAL STANDARD BOOK NUMBER
International Standard Book Number 0030185971
050 ## - LIBRARY OF CONGRESS CALL NUMBER
Classification number HF5415BOO
082 ## - DEWEY DECIMAL CLASSIFICATION NUMBER
Edition information 9TH ED.
100 ## - MAIN ENTRY--PERSONAL NAME
Personal name LOUIS E. BOONE
245 ## - TITLE STATEMENT
Title CONTEMPORARY MARKETING
250 ## - EDITION STATEMENT
Edition statement 9TH ED.
260 ## - PUBLICATION, DISTRIBUTION, ETC.
Place of publication, distribution, etc. NEW YORK
Name of publisher, distributor, etc. DRYDEN PRESS
Date of publication, distribution, etc. 1998
300 ## - PHYSICAL DESCRIPTION
Extent XXXIII,742p.,ILLUS.
500 ## - GENERAL NOTE
General note NOTES,INDEX
700 ## - ADDED ENTRY--PERSONAL NAME
Personal name DAVID L. KURTZ
942 ## - ADDED ENTRY ELEMENTS (KOHA)
Source of classification or shelving scheme Library of Congress Classification
Koha item type Books
Suppress in OPAC No
999 ## -
-- 8581
-- 8581
Holdings
Withdrawn status Lost status Source of classification or shelving scheme Damaged status Not for loan Home library Current library Shelving location Date acquired Total checkouts Full call number Barcode Date last seen Copy number Price effective from Koha item type
    Library of Congress Classification     Graduate Library (Christ Temple) Graduate Library (Christ Temple) General stacks 01/16/2026   HF5415BOO gsct00001940 01/16/2026 1 01/16/2026 Books
    Library of Congress Classification     Graduate Library (Christ Temple) Graduate Library (Christ Temple) General stacks 01/16/2026   HF5415BOO gsct00001941 01/16/2026 2 01/16/2026 Books
    Library of Congress Classification     Graduate Library (Christ Temple) Graduate Library (Christ Temple) General stacks 01/16/2026   HF5415BOO gsct00001942 01/16/2026 3 01/16/2026 Books
    Library of Congress Classification     Graduate Library (Christ Temple) Graduate Library (Christ Temple) General stacks 01/16/2026   HF5415BOO gsct00001943 01/16/2026 4 01/16/2026 Books
    Library of Congress Classification     Graduate Library (Christ Temple) Graduate Library (Christ Temple) General stacks 01/16/2026   HF5415BOO gsct00001944 01/16/2026 5 01/16/2026 Books
© 2023-2024 Copyright: Central University Libraries. All Rights Reserved | Created by: Mahone Tech Office